Movies Quiz

Random Movies or Animation Quiz

Animated Movie Song Match-Up Quiz Stats

 Plays Quiz Updated Oct 24, 2016

Score 0/40 Timer 09:00
2 Plays Today
% Correct
The Lion King
91.7%
Frozen
91.2%
The Jungle Book
89%
Beauty and the Beast
88.4%
Aladdin
86.4%
Pocahontas
85.6%
Lilo & Stitch
84.4%
Toy Story
84%
The Nightmare Before Christmas
81.7%
Mulan
78.4%
The Little Mermaid
77.5%
The Princess and the Frog
76.2%
Pinocchio
74.5%
The LEGO Movie
74.4%
Lady and the Tramp
73.7%
Tarzan
66.1%
Cinderella
66.1%
Hercules
65.5%
All Dogs Go to Heaven
64.1%
South Park: Bigger, Longer & Uncut
63.9%
% Correct
Sleeping Beauty
60.9%
Tangled
60.3%
The Lorax
58.3%
Snow White and the Seven Dwarfs
58%
The Fox and the Hound
57.7%
The Hunchback of Notre Dame
56.6%
Shrek 2
54.3%
Robin Hood
54%
Dumbo
53%
Bambi
50.3%
Anastasia
50.2%
Toy Story 2
49.1%
Brother Bear
42%
Oliver & Company
41.9%
The Road to El Dorado
39.6%
Monsters, Inc.
35.2%
The Prince of Egypt
31.7%
Home on the Range
31.4%
A Goofy Movie
23.8%
The Sword in the Stone
22.9%

You're not logged in!

Compare scores with friends on all Sporcle quizzes.
OR
Log In

Show Comments

Extras

Top Quizzes Today


Score Distribution

Your Account Isn't Verified!

In order to create a playlist on Sporcle, you need to verify the email address you used during registration. Go to your Sporcle Settings to finish the process.

Report this User

Report this user for behavior that violates our Community Guidelines.

Details: